| 000 | 00847nam a2200229Ia 4500 | ||
|---|---|---|---|
| 003 | OSt | ||
| 005 | 20200902191421.0 | ||
| 008 | 191128t1994 ck r 000 1 spa d | ||
| 020 | _a9583000817 | ||
| 040 |
_aCO-JMCR _cCO-JMCR |
||
| 041 | _aspa | ||
| 082 | 0 | 4 |
_aT / _bEURm |
| 100 | 1 |
_aEurípides, _d480-406 a. de J. C. _eautor _99660 |
|
| 245 | 0 |
_aMedea / _cEurípides ; Edipo Rey ; Antígona / Sófocles |
|
| 250 | _aTercera edición | ||
| 260 |
_aBogotá : _bPanamericana, _c©1994 |
||
| 300 |
_a146 páginas ; _c20 cm. |
||
| 520 | _aAntígona expone el conflicto y el enfrentamiento que se produce cuando frente a las leyes seculares divinas, que contituyen la tradición se colocan las determinaciones del pueblo, las nuevas leyes civiles. | ||
| 650 | 1 | 4 |
_aTeatro griego _99658 |
| 700 |
_aSófocles, _d496-406 a.C. _99661 |
||
| 942 |
_2ddc _cBK |
||
| 999 |
_c3571 _d3571 |
||